banner-ar

اجهزة الارسال والاستقبال اللاسلكية المتناهية فى الصغر = micro electronic wireless devices / (Record no. 34249)

MARC details
000 -الفاتح
حقل البيانات ثابتة الطول 00844nam a2200229Ia 4500
008 - عناصر البيانات ثابتة الطول - معلومات عامة
حقل البيانات ثابتة الطول 140319s9999 xx 000 0 ara d
020 ## - الرقم الدولى المعيارى للكتب
الرقم الدولى المعيارى للكتاب 1035064977
040 ## - مصدر الفهرسة
وكالة الفهرسة الأصلية GCL /
وكالة النسخ GCL
082 04 - رقم تصنيف ديوى العشرى
رقم التصنيف 621.3846
رقم المادة ف ا
100 1# - المدخل الرئيسى - إسم شخصى
الإسم الشخصى فاروق محمد العامرى
245 10 - بيان العنوان
العنوان اجهزة الارسال والاستقبال اللاسلكية المتناهية فى الصغر = micro electronic wireless devices /
بيان المسئوليه,etc فاروق محمد العامرى
250 ## - بيان الطبعة
بيان الطبعة الاولى
260 ## - PUBLICATION, DISTRIBUTION, ETC. (IMPRINT)
تاريخ النشر أو التوزيع 1993
300 ## - الوصف المادى
التعداد 188 ص:
تفاصيل ماديه اخرى للوعاء ايض ؛
أبعاد الوعاء 24 سم
490 ## - بيان السلسلة
عنوان السلسلة
650 04 - المدخل الاضافى بالموضوع-مصطلح موضوعى
مصطلح موضوعي اللاسلكى
650 04 - المدخل الاضافى بالموضوع-مصطلح موضوعى
مصطلح موضوعي الاتصالات
650 04 - المدخل الاضافى بالموضوع-مصطلح موضوعى
مصطلح موضوعي الموجات القصيرة
650 04 - المدخل الاضافى بالموضوع-مصطلح موضوعى
مصطلح موضوعي الاتصالات السلكية واللاسلكية
942 ## - عناصر المدخل الإضافي( كوها)
مصدر التصنيف او مخطط الترفيف Dewey Decimal Classification
Koha [default] item type كتاب
260 ## - PUBLICATION, DISTRIBUTION, ETC. (IMPRINT)
-- القاهرة :
-- الدار المصرية اللبنانية ،
Holdings
حالة التراجع حالة الفقد حالة تلف ليس للاعارة المكان المؤقت الموقع الحالى تاريخ الاكتساب اجمالي اﻻعارات رقم الطلب الباركود تاريخ اخر مشاهدة تاريخ تفعيل السعر نوع وعاء كوها
        مكتبة القاهرة الكبرى مكتبة القاهرة الكبرى 03/26/2014   621.3846\ف ا 81222 03/26/2014 03/26/2014 كتاب
        مكتبة القاهرة الكبرى مكتبة القاهرة الكبرى 03/26/2014   621.3846\ف ا 81223 03/26/2014 03/26/2014 كتاب
        مكتبة القاهرة الكبرى مكتبة القاهرة الكبرى 03/26/2014   621.3846\ف ا 81224 03/26/2014 03/26/2014 كتاب

Powered By

EGPV